LEADER 01579nam 2200385 450 001 996279883603316 005 20230611090550.0 035 $a(CKB)1000000000035506 035 $a(NjHacI)991000000000035506 035 $a(EXLCZ)991000000000035506 100 $a20230611h19972003 uy 0 101 0 $aeng 135 $aur||||||||||| 181 $ctxt$2rdacontent 182 $cc$2rdamedia 183 $acr$2rdacarrier 200 10$aAmerican national standard for transformers $e230 kV and below 833/958 through 8333/10 417 kVA, single-phase, and 750/862 through 60 000/80 000/100 000 kVA, three-phase without load tap changing ; and 3750/4687 through 60 000/80 000/100 000 kVA with load tap changing-- safety requirements /$fInstitute of Electrical and Electronics Engineers, American National Standards Institute 210 1$aNew York :$cInstitute of Electrical and Electronics Engineers,$d1997. 210 4$dİ2003 215 $a1 online resource (32 pages) 300 $aIncludes index. 311 $a0-7381-3621-2 330 $aThis IEEE Standards product is part of the C57 Family on Power Distribution and Regulating Transformers. 517 $aANSI C57.12.10-1997 517 $aANSI C57.12.10-1988 606 $aElectric transformers$xStandards 615 0$aElectric transformers$xStandards. 676 $a621.314 712 02$aAmerican National Standards Institute, 801 0$bNjHacI 801 1$bNjHacl 906 $aDOCUMENT 912 $a996279883603316 996 $aAmerican national standard for transformers$92806485 997 $aUNISA LEADER 03059nam 2200697 a 450 001 9910958141703321 005 20251117075357.0 010 $a1-61324-337-5 035 $a(CKB)2670000000099662 035 $a(EBL)3019422 035 $a(SSID)ssj0000521977 035 $a(PQKBManifestationID)12183248 035 $a(PQKBTitleCode)TC0000521977 035 $a(PQKBWorkID)10527391 035 $a(PQKB)10438831 035 $a(MiAaPQ)EBC3019422 035 $a(Au-PeEL)EBL3019422 035 $a(CaPaEBR)ebr10670987 035 $a(OCoLC)739712851 035 $a(BIP)27775188 035 $a(EXLCZ)992670000000099662 100 $a20091028d2010 uy 0 101 0 $aeng 135 $aur|n|---||||| 181 $ctxt 182 $cc 183 $acr 200 00$aDetection of nuclear weapons and materials /$fPietro Egidi, editor 205 $a1st ed. 210 $aNew York $cNova Science Publishers$dc2010 215 $a1 online resource (167 p.) 225 1 $aWeapons of mass destruction 300 $aDescription based upon print version of record. 311 08$a1-60741-512-7 320 $aIncludes bibliographical references and index. 327 $aCombating nuclear smuggling : DHS's Phase 3 Test Report on advanced portal monitors does not fully disclose the limitations of the test results / Government Accountability Office -- Detection of nuclear weapons and materials : science, technologies, observations / Jonathan Medalia -- The global nuclear detection architecture : issues for Congress / Dana A. Shea -- Nuclear detection : preliminary observations on the domestic nuclear detection office's efforts to develop a global nuclear detection architecture / Government Accountability Office. 330 $aDetection of nuclear weapons and special nuclear material (SNM) is crucial to thwarting nuclear proliferation and terrorism and to securing weapons and materials world-wide. This book emphasizes the ongoing improvement in detection capabilities which produce uncertainties for terrorists that will increase over time. 410 0$aWeapons of mass destruction series. 606 $aRadioactive substances$xDetection 606 $aNuclear weapons 606 $aNuclear terrorism$zUnited States$xPrevention 606 $aRadiation warning systems 606 $aNuclear nonproliferation$xGovernment policy$zUnited States 606 $aNuclear arms control$xVerification 606 $aSmuggling$xPrevention 615 0$aRadioactive substances$xDetection. 615 0$aNuclear weapons. 615 0$aNuclear terrorism$xPrevention. 615 0$aRadiation warning systems. 615 0$aNuclear nonproliferation$xGovernment policy 615 0$aNuclear arms control$xVerification. 615 0$aSmuggling$xPrevention. 676 $a363.325/563 701 $aEgidi$b Pietro$0454126 801 0$bMiAaPQ 801 1$bMiAaPQ 801 2$bMiAaPQ 906 $aBOOK 912 $a9910958141703321 996 $aDetection of nuclear weapons and materials$94475185 997 $aUNINA